الدمج الشامل لذوي الإحتياجات الخاصة وتطبيقاته التربوية / (رقم التسجيلة. 10710)

تفاصيل مارك
000 -الفاتح
عناصر البيانات ثابتة الطول 01207cam a2200241 i 4500
005 - تاريخ ووقت آخر معاملة
حقل ضبط 20260203101721.0
008 - عناصر البيانات ثابتة الطول
عناصر البيانات ثابتة الطول 250721s2000 ts gr 000 0 ara d
082 14 - رقم تصنيف ديوي العشري
رقم التصنيف 371.9
رقم المادة ب ر ا
100 1# - مدخل رئيسي – اسم شخصي
الاسم الشخصي برادلي، ديان
علاقة الشخص بالعمل/ دوره مؤلف.
245 12 - بيان العنوان
العنوان الدمج الشامل لذوي الإحتياجات الخاصة وتطبيقاته التربوية /
بيان المسؤولية تآليف ديان برادلي، مارغرين سيزر، ديان سوتلك ؛ ترجمة د. عبد العزيز السيد الشخص، د. عبد العزيز العبد الجابر، د. زيدان احمد السرطاوي.
264 31 - بيانات النشر، التوزيع…إلخ
مكان النشر، التوزيع...إلخ العين :
اسم الناشر، الموزع...إلخ دار الكتاب الجامعي،
تاريخ النشر، التوزيع...إلخ 2000.
300 ## - الوصف المادي
عدد الوحدات المكونة للوعاء 368 صفحة.
650 17 - مدخل إضافي بالموضوع - مصطلح موضوعي
مصطلح موضوعي أو اسم جغرافي كعنصر مدخل التربية الخاصة.
650 17 - مدخل إضافي بالموضوع - مصطلح موضوعي
مصطلح موضوعي أو اسم جغرافي كعنصر مدخل صعوبات التعلم.
650 17 - مدخل إضافي بالموضوع - مصطلح موضوعي
مصطلح موضوعي أو اسم جغرافي كعنصر مدخل الطلاب المعوقون.
650 17 - مدخل إضافي بالموضوع - مصطلح موضوعي
مصطلح موضوعي أو اسم جغرافي كعنصر مدخل وسائل التدريس.
700 1# - مدخل إضافي - اسم شخصي
الاسم الشخصي سيزر، مارغريت
علاقة الشخص بالعمل/ دوره مؤلف.
700 1# - مدخل إضافي - اسم شخصي
الاسم الشخصي الشخص، عبد العزيز السيد
علاقة الشخص بالعمل/ دوره مترجم.
700 1# - مدخل إضافي - اسم شخصي
الاسم الشخصي العبد الجبار، عبد العزيز
علاقة الشخص بالعمل/ دوره مترجم.
700 1# - مدخل إضافي - اسم شخصي
الاسم الشخصي السرطاوي، زيدان احمد
علاقة الشخص بالعمل/ دوره مترجم.
942 ## - بيانات إضافية (كوها)
نوع التنصيف Dewey Decimal Classification
نوع المادة (كوها) كتب
المقتنيات
حالة السحب حالة الفقدان مصدر التصنيف حالة التلف غير قابل للإعارة المكتبة الرئيسية المكتبة الحالية موقع الرف تاريخ التزويد الرقم المتسلسل Total Checkouts رقم الإستدعاء الباركود تاريخ آخر ظهور تاريخ الفاتورة نوع المادة (كوها)
    Dewey Decimal Classification     المكتبة المركزية المكتبة المركزية الإعارة 06/07/2004 398388   371.9 / ب ر ا 398388 28/07/2025 06/07/2004 كتب
    Dewey Decimal Classification     المكتبة المركزية المكتبة المركزية مقتنيات قسم التزويد 06/07/2004 397640   371.9/برا 397640 28/07/2025 06/07/2004 كتب
    Dewey Decimal Classification     المكتبة المركزية المكتبة المركزية الإعارة 06/07/2004 398389   371.9/ ب ر ا 398389 28/07/2025 06/07/2004 كتب
    Dewey Decimal Classification Unchecked   مكتبة أبو علندا العامة مكتبة أبو علندا العامة الإعارة 06/07/2004 398401   371.9/برا   28/07/2025 06/07/2004 كتب
    Dewey Decimal Classification     مكتبة أم قصير والمقابلين العامة مكتبة أم قصير والمقابلين العامة الإعارة 06/07/2004 398400   371.9/برا 398400 28/07/2025 06/07/2004 كتب
    Dewey Decimal Classification     مكتبة أم قصير والمقابلين العامة مكتبة أم قصير والمقابلين العامة الإعارة 13/11/2014 397651   371.9/برا PLD00361499 28/07/2025 13/11/2014 كتب
    Dewey Decimal Classification     مكتبة الأميرة ايمان العامة مكتبة الأميرة ايمان العامة الإعارة 06/07/2004 398392   371.9/برا 398392 28/07/2025 06/07/2004 كتب
    Dewey Decimal Classification Unchecked   مكتبة الاميرة بديعة مكتبة الاميرة بديعة الإعارة 06/07/2004 398395   371.9/برا   28/07/2025 06/07/2004 كتب
    Dewey Decimal Classification     مكتبة الجويدة مكتبة الجويدة الإعارة 06/07/2004 398396   371.9/برا 398396 28/07/2025 06/07/2004 كتب
    Dewey Decimal Classification     مكتبة الحسن العامة مكتبة الحسن العامة الإعارة 06/07/2004 398397   371.9/برا 398397 28/07/2025 06/07/2004 كتب
    Dewey Decimal Classification     مكتبة حمزة العامة مكتبة حمزة العامة الإعارة 06/07/2004 398398   371.9/برا 398398 28/07/2025 06/07/2004 كتب
    Dewey Decimal Classification     مكتبة صويلح العامة مكتبة صويلح العامة الإعارة 06/07/2004 398393   371.9/برا 398393 28/07/2025 06/07/2004 كتب
    Dewey Decimal Classification     مكتبة وادي السير العامة مكتبة وادي السير العامة الإعارة 06/07/2004 398402   371.9/برا 398402 28/07/2025 06/07/2004 كتب
Implemented & Customized by: BBB with SCIT (Smart Chains for Information Technology)

Powered by Koha